[Event "CRO-ch U15"]
[Site "Trogir"]
[Date "2024.06.25"]
[Round "4"]
[White "Zufika Mardjetko, Gaspar"]
[Black "Kadic, Mirko"]
[Result "0-1"]
[WhiteElo "1745"]
[BlackElo "1574"]
[PlyCount "64"]
[EventDate "2024.06.23"]
[EventType "swiss"]
[EventRounds "9"]
[EventCountry "CRO"]
[SourceTitle "EXT 2025"]
[Source "ChessBase"]
[SourceDate "2024.10.14"]
[SourceVersion "1"]
[SourceVersionDate "2024.10.14"]
[SourceQuality "1"]

1. c4 e5 2. Nc3 Nf6 3. g3 Bb4 4. Bg2 Bxc3 5. bxc3 0-0 6. Nf3 Nc6 7. 0-0 d6 8. Rb1 Rb8 9. d3 Re8 10. Bg5 h6 11. Be3 Bd7 12. Qd2 Ng4 13. Rfd1 Nxe3 14. Qxe3 b6 15. Qd2 Ne7 16. d4 Ng6 17. c5 e4 18. Ne1 d5 19. cxb6 cxb6 20. Nc2 Rc8 21. Ne3 Be6 22. Rdc1 f5 23. Bh3 Qg5 24. Qd1 f4 25. Bxe6+ Rxe6 26. Ng2 Rf6 27. Qf1 fxg3 28. hxg3 Rcf8 29. f3 exf3 30. exf3 Rxf3 31. Qb5 Rxg3 32. Rc2 Qe3+ 0-1